[Event "España ch sub-16 2009"]
[Site "Granada ESP"]
[Date "2009.07.17"]
[Round "6.4"]
[White "Coll Ortega, Jordi"]
[Black "Vila Gonzalez, Daniel"]
[Result "1/2-1/2"]
[WhiteElo "2213"]
[BlackElo "2072"]
[PlyCount "90"]
[EventDate "2009.07.14"]
[EventType "swiss"]
[EventRounds "9"]
[EventCountry "ESP"]
[Source "lmi"]
[SourceDate "2009.07.14"]

1. e4 c5 2. Nf3 Nc6 3. d4 cxd4 4. Nxd4 Qb6 5. Nb3 Nf6 6. Bd3 e6 7. O-O d5 8.
exd5 Nxd5 9. c4 Nf6 10. Nc3 Be7 11. Be3 Qc7 12. Rc1 O-O 13. Qe2 Rd8 14. Rfd1
Bd7 15. Nb5 Qb8 16. Bb1 Nb4 17. Nc3 Na6 18. a3 Qe5 19. f4 Qh5 20. Qxh5 Nxh5 21.
Na5 Bc5 22. Bf2 Bc6 23. Nxc6 bxc6 24. g3 Nf6 25. b4 Bxf2+ 26. Kxf2 Ng4+ 27. Ke2
f5 28. h3 Nf6 29. Ke3 Kf7 30. Ne2 Rac8 31. Ng1 g6 32. Nf3 Nb8 33. Ne5+ Ke7 34.
Bc2 Nbd7 35. Nf3 Nb6 36. Rxd8 Kxd8 37. Bd3 Ke7 38. a4 a5 39. bxa5 Nxa4 40. Ra1
Nc5 41. a6 Ra8 42. a7 Kd6 43. Bc2 Nfd7 44. Nd4 Nb6 45. Bd3 Nc8 1/2-1/2

[Event "España ch sub-16 2009"]
[Site "Granada ESP"]
[Date "2009.07.17"]
[Round "6.5"]
[White "Collado Barbas, Laura"]
[Black "Gil Quilez, David"]
[Result "1-0"]
[WhiteElo "2055"]
[BlackElo "2163"]
[PlyCount "49"]
[EventDate "2009.07.14"]
[EventType "swiss"]
[EventRounds "9"]
[EventCountry "ESP"]
[Source "lmi"]
[SourceDate "2009.07.14"]

1. d4 d5 2. c4 c6 3. Nf3 Nf6 4. e3 Bg4 5. Qb3 Qb6 6. Ne5 Bf5 7. Nd2 Nbd7 8.
Ndf3 e6 9. Bd2 Nxe5 10. Nxe5 Ne4 11. c5 Qc7 12. Bc3 f6 13. Nd3 Ng5 14. Qd1 Be7
15. b4 O-O 16. h4 Nf7 17. g4 Be4 18. Rh3 e5 19. f3 Bxd3 20. Bxd3 exd4 21. Bxd4
a5 22. f4 Qd7 23. Bf5 Qe8 24. g5 fxg5 25. Qh5 1-0

[Event "España ch sub-16 2009"]
[Site "Granada ESP"]
[Date "2009.07.17"]
[Round "6.6"]
[White "Rodriguez Lapetra, Pablo"]
[Black "Rioboo De Larriva, Alvaro"]
[Result "0-1"]
[WhiteElo "2014"]
[BlackElo "2150"]
[PlyCount "104"]
[EventDate "2009.07.14"]
[EventType "swiss"]
[EventRounds "9"]
[EventCountry "ESP"]
[Source "lmi"]
[SourceDate "2009.07.14"]

1. e4 c5 2. Nf3 Nc6 3. d4 cxd4 4. Nxd4 g6 5. c4 Nf6 6. Nc3 d6 7. Be2 Nxd4 8.
Qxd4 Bg7 9. Be3 O-O 10. Qd2 Qa5 11. f3 a6 12. O-O Be6 13. Rab1 Rfc8 14. b4 Qd8
15. Na4 Nd7 16. Rfc1 a5 17. b5 b6 18. Bf1 Ra7 19. Rc2 Nc5 20. Bxc5 bxc5 21. Nc3
Bd4+ 22. Kh1 a4 23. a3 Qa5 24. Be2 Rb7 25. Qd3 Kf8 26. Rcc1 Ke8 27. Bd1 Ra8 28.
h3 f5 29. Be2 f4 30. Kh2 Qd8 31. Bd1 Qa5 32. Rc2 g5 33. Ne2 Be5 34. Nc3 Kd7 35.
Kg1 h5 36. Kf1 Rh8 37. Rcc1 g4 38. h4 Bd4 39. Bxa4 gxf3 40. gxf3 Rb6 41. Bb3
Rg8 42. Ke1 Bxc3+ 43. Rxc3 Rg1+ 44. Kd2 Rg2+ 45. Kd1 Rb8 46. Bc2 Rbg8 47. Kc1
Rh2 48. Kb2 Rgg2 49. Rd1 Re2 50. Kb1 Re3 51. e5 Rxd3 52. Rcxd3 Bxc4 0-1

[Event "España ch sub-16 2009"]
[Site "Granada ESP"]
[Date "2009.07.17"]
[Round "6.7"]
[White "Montanes Arribas, Adrian"]
[Black "Rivas Crespo, Alexander"]
[Result "1-0"]
[WhiteElo "2091"]
[BlackElo "2030"]
[PlyCount "100"]
[EventDate "2009.07.14"]
[EventType "swiss"]
[EventRounds "9"]
[EventCountry "ESP"]
[Source "lmi"]
[SourceDate "2009.07.14"]

1. e4 c5 2. Nf3 e6 3. d4 cxd4 4. Nxd4 Nf6 5. Nc3 d6 6. g4 h6 7. h4 Be7 8. Qf3
Nc6 9. Bb5 Bd7 10. Bxc6 bxc6 11. g5 hxg5 12. hxg5 Rxh1+ 13. Qxh1 Ng4 14. Qh4
Ne5 15. Qh8+ Bf8 16. Qh5 c5 17. Nde2 g6 18. Qh3 Nc6 19. Be3 Rb8 20. O-O-O Qb6
21. b3 Qb4 22. Qh8 Qa3+ 23. Kb1 c4 24. Bc1 Qc5 25. f4 cxb3 26. axb3 a5 27. Bb2
Nb4 28. Rh1 Bc6 29. Nd4 e5 30. Nxc6 Nxc6 31. Nd5 Nb4 32. Nxb4 Qxb4 33. fxe5
Qxe4 34. exd6 Kd7 35. Qh3+ Qf5 36. Qe3 Bxd6 37. Rd1 Kc7 38. Rxd6 Kxd6 39. Qg3+
Ke6 40. Qxb8 Qxg5 41. Qe8+ Qe7 42. Qc6+ Kf5 43. Qd5+ Kg4 44. Qxa5 f5 45. Qe5
Qh4 46. Qe2+ Kh3 47. Qf3+ Qg3 48. Qxg3+ Kxg3 49. b4 Kg2 50. b5 f4 1-0

[Event "España ch sub-16 2009"]
[Site "Granada ESP"]
[Date "2009.07.17"]
[Round "6.8"]
[White "Villar Perez, Samuel"]
[Black "Pozueta Alegria, Adrian"]
[Result "1-0"]
[WhiteElo "2075"]
[BlackElo "2022"]
[PlyCount "57"]
[EventDate "2009.07.14"]
[EventType "swiss"]
[EventRounds "9"]
[EventCountry "ESP"]
[Source "lmi"]
[SourceDate "2009.07.14"]

1. d4 Nf6 2. Nf3 e6 3. Bg5 c5 4. c4 b6 5. Nc3 Bb7 6. d5 d6 7. e4 exd5 8. exd5
Be7 9. Qd2 O-O 10. Bd3 Nbd7 11. O-O Re8 12. Rfe1 Ng4 13. Bf4 Nf8 14. h3 Nf6 15.
Re2 Ng6 16. Bg5 Nh5 17. Rae1 f6 18. Bxg6 hxg6 19. Bh4 Qd7 20. Re6 g5 21. Bg3
Nxg3 22. fxg3 Bf8 23. Qe3 Red8 24. Ne4 Qf7 25. Rf1 Bc8 26. Nfxg5 Bxe6 27. Nxf7
Bxf7 28. Qf4 Rd7 29. Qg4 1-0

[Event "España ch sub-16 2009"]
[Site "Granada ESP"]
[Date "2009.07.17"]
[Round "6.9"]
[White "Pintor Munoz, Antonio"]
[Black "Alvarado Diaz, Alejandro"]
[Result "1-0"]
[WhiteElo "2278"]
[BlackElo "1857"]
[PlyCount "71"]
[EventDate "2009.07.14"]
[EventType "swiss"]
[EventRounds "9"]
[EventCountry "ESP"]
[Source "lmi"]
[SourceDate "2009.07.14"]

1. d4 Nf6 2. c4 c5 3. d5 b5 4. cxb5 a6 5. b6 d6 6. Nc3 Nbd7 7. a4 a5 8. e4 g6
9. f4 Bg7 10. Nf3 O-O 11. Bb5 Qxb6 12. O-O Ne8 13. Qe1 Nc7 14. f5 Nxb5 15. axb5
Ne5 16. Qh4 c4+ 17. Kh1 Nd3 18. Bh6 f6 19. fxg6 hxg6 20. g4 Rf7 21. g5 f5 22.
Bxg7 Rxg7 23. exf5 Bxf5 24. Qd4 Nc5 25. Nh4 Bd3 26. Rf3 Qb7 27. Re1 a4 28. Ng2
a3 29. bxa3 Rxa3 30. Nf4 Rh7 31. Nxd3 cxd3 32. Ref1 Ra8 33. Qf2 Rg7 34. Rf8+
Rxf8 35. Qxf8+ Kh7 36. Rf4 1-0

[Event "España ch sub-16 2009"]
[Site "Granada ESP"]
[Date "2009.07.17"]
[Round "6.10"]
[White "Fernandez Garcia, Jose Miguel"]
[Black "Palomo Teruel, Xavier"]
[Result "1-0"]
[WhiteElo "2261"]
[BlackElo "2014"]
[PlyCount "75"]
[EventDate "2009.07.14"]
[EventType "swiss"]
[EventRounds "9"]
[EventCountry "ESP"]
[Source "lmi"]
[SourceDate "2009.07.14"]

1. e4 c5 2. Nf3 Nf6 3. e5 Nd5 4. d4 cxd4 5. Qxd4 e6 6. a3 Nc6 7. Qe4 f5 8. Qe2
Nde7 9. b3 Ng6 10. Bb2 Qc7 11. h4 d6 12. exd6 Bxd6 13. Nc3 a6 14. O-O-O O-O 15.
h5 Nge5 16. h6 g6 17. Kb1 b5 18. Ng5 Qe7 19. f4 Nf7 20. Nxf7 Rxf7 21. g3 Bxa3
22. Bxa3 Qxa3 23. Bg2 Qc5 24. Kb2 Re7 25. Bxc6 Qxc6 26. Nd5 Rf7 27. Nb4 Qb6 28.
Rd2 Bb7 29. Rhd1 Be4 30. Rd6 Qc7 31. Rxe6 Rc8 32. Qd2 a5 33. Nd3 Rd7 34. Rc1 a4
35. Re5 Bxd3 36. cxd3 Rxd3 37. Re8+ Kf7 38. Rxc7+ 1-0

[Event "España ch sub-16 2009"]
[Site "Granada ESP"]
[Date "2009.07.17"]
[Round "6.11"]
[White "Silva Rodriguez, Fernando"]
[Black "Antolin Concha, Diego"]
[Result "0-1"]
[WhiteElo "2010"]
[BlackElo "2252"]
[PlyCount "88"]
[EventDate "2009.07.14"]
[EventType "swiss"]
[EventRounds "9"]
[EventCountry "ESP"]
[Source "lmi"]
[SourceDate "2009.07.14"]

1. e4 c5 2. Nf3 d6 3. d4 Nf6 4. Nc3 cxd4 5. Nxd4 a6 6. Be2 e5 7. Nb3 Be7 8. O-O
O-O 9. Re1 Be6 10. Bf3 Nbd7 11. a4 Qc7 12. a5 h6 13. h3 Rac8 14. Be3 Rfd8 15.
Nd2 Nc5 16. Nf1 d5 17. exd5 e4 18. Bxc5 Bxc5 19. Bxe4 Bb4 20. Qf3 Bxc3 21. bxc3
Bxd5 22. Bxd5 Rxd5 23. c4 Rxa5 24. Rxa5 Qxa5 25. Qxb7 Rc7 26. Qb8+ Kh7 27. Rb1
Rxc4 28. Ne3 Rc7 29. Qb4 Qe5 30. Qa4 Qe6 31. c4 Rc6 32. Qa5 g6 33. Ra1 Ne4 34.
Ra2 Qc8 35. Qd5 Re6 36. Qa5 Qb8 37. Ra1 Nxf2 38. Nd5 Nxh3+ 39. gxh3 Qg3+ 40.
Kf1 Qf3+ 41. Kg1 Re2 42. Nf6+ Qxf6 43. Rf1 Qd4+ 44. Kh1 Qe4+ 0-1

[Event "España ch sub-16 2009"]
[Site "Granada ESP"]
[Date "2009.07.17"]
[Round "6.12"]
[White "Colon Garcia, Enrique"]
[Black "Remoli Sargues, Lidia"]
[Result "1-0"]
[WhiteElo "2173"]
[BlackElo "2002"]
[PlyCount "55"]
[EventDate "2009.07.14"]
[EventType "swiss"]
[EventRounds "9"]
[EventCountry "ESP"]
[Source "lmi"]
[SourceDate "2009.07.14"]

1. e4 c5 2. Nf3 Nc6 3. d4 cxd4 4. Nxd4 g6 5. Nc3 Bg7 6. Be3 Nf6 7. Bc4 O-O 8.
Bb3 d6 9. f3 Bd7 10. Qd2 Nxd4 11. Bxd4 b5 12. h4 a5 13. a4 bxa4 14. Nxa4 Be6
15. Nb6 Ra6 16. Nd5 h6 17. h5 g5 18. Qd3 Ra8 19. Bb6 Qd7 20. Ba4 Qb7 21. Bc6
Qa6 22. Bxa8 Qxd3 23. Nxe7+ Kh8 24. cxd3 Rxa8 25. Ke2 Nd7 26. Bxa5 Bxb2 27.
Bc3+ Bxc3 28. Rxa8+ 1-0

[Event "España ch sub-16 2009"]
[Site "Granada ESP"]
[Date "2009.07.17"]
[Round "6.13"]
[White "Perera Borrego, Mariela"]
[Black "Anaya Lopez, Victor Jose"]
[Result "0-1"]
[WhiteElo "1969"]
[BlackElo "2142"]
[PlyCount "101"]
[EventDate "2009.07.14"]
[EventType "swiss"]
[EventRounds "9"]
[EventCountry "ESP"]
[Source "lmi"]
[SourceDate "2009.07.14"]

1. d4 d5 2. Nf3 Nf6 3. c4 c6 4. Qb3 e6 5. Bg5 Be7 6. Nc3 Nbd7 7. e3 O-O 8. Bd3
b6 9. O-O Bb7 10. Rfe1 c5 11. Rad1 cxd4 12. exd4 h6 13. cxd5 Nxd5 14. Bxe7 Nxe7
15. Be4 Bxe4 16. Nxe4 Nd5 17. Ne5 N7f6 18. Nxf6+ Nxf6 19. Qd3 Qd5 20. a3 Rac8
21. b4 b5 22. Nf3 Qc4 23. h3 Rfd8 24. Re5 Nd5 25. g3 Rc7 26. Ree1 Qxd3 27. Rxd3
Rdc8 28. Red1 Rc1 29. Ne1 Kf8 30. Kf1 Ke7 31. Rxc1 Rxc1 32. Ke2 Kd6 33. Kd2 Rc6
34. Nc2 Nb6 35. h4 Nc4+ 36. Ke2 Kd5 37. Ne3+ Nxe3 38. fxe3 Ke4 39. Kd2 h5 40.
Rb3 a6 41. Rb1 e5 42. Rf1 Rf6 43. Rxf6 gxf6 44. dxe5 fxe5 45. Ke2 f5 46. Kf2
Kd3 47. Kf3 e4+ 48. Kf4 Ke2 49. Kxf5 Kxe3 50. g4 hxg4 51. Kxg4 0-1

[Event "España ch sub-16 2009"]
[Site "Granada ESP"]
[Date "2009.07.17"]
[Round "6.14"]
[White "Suarez Uriel, Adrian"]
[Black "Gallego Martin, Miguel"]
[Result "0-1"]
[WhiteElo "2119"]
[BlackElo "1976"]
[PlyCount "74"]
[EventDate "2009.07.14"]
[EventType "swiss"]
[EventRounds "9"]
[EventCountry "ESP"]
[Source "lmi"]
[SourceDate "2009.07.14"]

1. e4 c5 2. Nf3 e6 3. d4 cxd4 4. Nxd4 Nf6 5. Nc3 Nc6 6. Ndb5 d6 7. Bf4 e5 8.
Nd5 Nxd5 9. exd5 exf4 10. dxc6 bxc6 11. Qf3 d5 12. O-O-O Be7 13. Nd4 Qb6 14.
Qb3 Bd7 15. c4 Qxb3 16. Nxb3 Be6 17. Nd4 Bc5 18. Nxc6 dxc4 19. Nd4 Rc8 20. Kb1
Rd8 21. Nxe6 Rxd1+ 22. Kc2 Rxf1 23. Nxg7+ Kf8 24. Rxf1 Kxg7 25. Kc3 Rc8 26. f3
Be3 27. Rd1 Rc5 28. g4 fxg3 29. hxg3 Rf5 30. Rf1 Ra5 31. a3 Rb5 32. g4 Rb3+ 33.
Kxc4 Rxb2 34. a4 Rf2 35. Rxf2 Bxf2 36. Kd5 Kg6 37. f4 f5 0-1

[Event "España ch sub-16 2009"]
[Site "Granada ESP"]
[Date "2009.07.18"]
[Round "7.1"]
[White "Arribas Lopez, Angel"]
[Black "Alcaraz Ortega, Javier"]
[Result "1/2-1/2"]
[WhiteElo "2429"]
[BlackElo "2241"]
[PlyCount "110"]
[EventDate "2009.07.14"]
[EventType "swiss"]
[EventRounds "9"]
[EventCountry "ESP"]
[Source "lmi"]
[SourceDate "2009.07.14"]

1. e4 e6 2. d4 d5 3. Nc3 dxe4 4. Nxe4 Bd7 5. Nf3 Bc6 6. Neg5 Nd7 7. Bd3 Ngf6 8.
O-O Bxf3 9. Qxf3 c6 10. Re1 Be7 11. Bf4 Nf8 12. Be5 h6 13. Nh3 N8d7 14. Qg3 O-O
15. Rad1 Re8 16. c3 Rc8 17. Bb1 Qb6 18. b4 a5 19. a3 Qa7 20. Nf4 b6 21. Qd3
Red8 22. Bxf6 Nxf6 23. Nh5 Qc7 24. h4 Rd5 25. g4 c5 26. Nxf6+ Bxf6 27. Qh7+ Kf8
28. Be4 Rdd8 29. g5 hxg5 30. hxg5 Bxg5 31. d5 Qf4 32. Bg2 Qh4 33. Qxh4 Bxh4 34.
bxa5 bxa5 35. dxe6 Rxd1 36. Rxd1 fxe6 37. Rd6 Bf6 38. Rxe6 Bxc3 39. Rc6 Rxc6
40. Bxc6 Ke7 41. Kf1 Kd6 42. Be8 Kd5 43. Ke2 Bb2 44. a4 Kc4 45. f3 Kc3 46. Kd1
g5 47. Bg6 c4 48. Bf5 Ba3 49. Bg6 Kb2 50. Bf5 Bd6 51. Bg6 Bf4 52. Bf5 Kc3 53.
Bg6 Kd4 54. Kc2 Ke3 55. Bh5 Kd4 1/2-1/2

[Event "España ch sub-16 2009"]
[Site "Granada ESP"]
[Date "2009.07.18"]
[Round "7.2"]
[White "Cruz Lledo, Pablo"]
[Black "Pruja Ramirez De Cartagena, Marc"]
[Result "1-0"]
[WhiteElo "2190"]
[BlackElo "2214"]
[PlyCount "153"]
[EventDate "2009.07.14"]
[EventType "swiss"]
[EventRounds "9"]
[EventCountry "ESP"]
[Source "lmi"]
[SourceDate "2009.07.14"]

1. d4 Nf6 2. c4 e6 3. Nc3 Bb4 4. Nf3 b6 5. Bg5 h6 6. Bh4 g5 7. Bg3 Ne4 8. Qd3
Bb7 9. Nd2 Bxc3 10. bxc3 Nxg3 11. hxg3 d6 12. e4 e5 13. Be2 Nd7 14. O-O-O Nf6
15. f4 gxf4 16. gxf4 Qe7 17. fxe5 dxe5 18. d5 O-O-O 19. Nb3 a5 20. Kb2 a4 21.
Na1 Kb8 22. Qc2 Qd7 23. Rdf1 Ne8 24. Rf5 Qe7 25. Bd3 Nd6 26. Rfh5 Rdg8 27. R1h2
Rg3 28. R5h3 Rhg8 29. Qxa4 Rxg2+ 30. Rxg2 Rxg2+ 31. Nc2 Qg5 32. Qb3 f5 33. c5
bxc5 34. a4 Qd2 35. c4 fxe4 36. Bf1 Rf2 37. Rh1 e3 38. Bh3 e2 39. Re1 e4 40.
Bg4 e3 41. a5 Qxa5 42. Rxe2 Rf4 43. Nxe3 Qa6 44. Rc2 Re4 45. Be2 h5 46. Bxh5
Rxe3 47. Qxe3 Nxc4+ 48. Rxc4 Qxc4 49. Qb3 Qd4+ 50. Qc3 Qxd5 51. Be2 Qd4 52. Bd3
Bd5 53. Kc2 Kc8 54. Qe1 Bb3+ 55. Kd2 Qb2+ 56. Ke3 Qd4+ 57. Kd2 Qb2+ 58. Ke3 Kb7
59. Qh1+ Kb6 60. Qh6+ c6 61. Qd6 Qc1+ 62. Kf2 Qd2+ 63. Kf1 c4 64. Qd8+ Kc5 65.
Qe7+ Kd4 66. Be2 Qf4+ 67. Ke1 Qg3+ 68. Kf1 Qe5 69. Qa7+ Ke4 70. Ke1 Qg3+ 71.
Kf1 c3 72. Qe7+ Kf5 73. Qf8+ Kg5 74. Qg7+ Kf4 75. Qc7+ Ke3 76. Qxg3+ Kd2 77.
Qd3+ 1-0

[Event "España ch sub-16 2009"]
[Site "Granada ESP"]
[Date "2009.07.18"]
[Round "7.3"]
[White "Rioboo De Larriva, Alvaro"]
[Black "Villar Perez, Samuel"]
[Result "1-0"]
[WhiteElo "2150"]
[BlackElo "2075"]
[PlyCount "35"]
[EventDate "2009.07.14"]
[EventType "swiss"]
[EventRounds "9"]
[EventCountry "ESP"]
[Source "lmi"]
[SourceDate "2009.07.14"]

1. e4 c5 2. Nc3 Nc6 3. Bb5 Nd4 4. Bc4 g6 5. Nf3 Bg7 6. Nxd4 cxd4 7. Qf3 e6 8.
Nb5 Be5 9. c3 dxc3 10. dxc3 a6 11. Nd4 Bg7 12. O-O Ne7 13. Bg5 O-O 14. Rad1 b5
15. Nc6 Qc7 16. Nxe7+ Kh8 17. Bb3 d6 18. Nxc8 1-0

[Event "España ch sub-16 2009"]
[Site "Granada ESP"]
[Date "2009.07.18"]
[Round "7.4"]
[White "Montanes Arribas, Adrian"]
[Black "Collado Barbas, Laura"]
[Result "1-0"]
[WhiteElo "2091"]
[BlackElo "2055"]
[PlyCount "105"]
[EventDate "2009.07.14"]
[EventType "swiss"]
[EventRounds "9"]
[EventCountry "ESP"]
[Source "lmi"]
[SourceDate "2009.07.14"]

1. e4 e6 2. d4 d5 3. Nc3 Nc6 4. Nf3 Nf6 5. e5 Ne4 6. Bd3 Bb4 7. O-O Nxc3 8.
bxc3 Bxc3 9. Rb1 Bb4 10. Ng5 Be7 11. Qh5 g6 12. Qg4 Nxd4 13. Nxf7 Kxf7 14. Qxd4
Qf8 15. c4 Bc5 16. Qg4 c6 17. Bg5 Be7 18. Bd2 Qg7 19. f4 Rd8 20. Bc3 Kg8 21.
Qh3 d4 22. Bd2 c5 23. Rf3 Rb8 24. g4 Kh8 25. Rbf1 Rg8 26. Rg3 Qf7 27. f5 gxf5
28. Be1 Bd7 29. gxf5 Rxg3+ 30. Bxg3 exf5 31. e6 Bxe6 32. Bxb8 Qg8+ 33. Kh1 Qxb8
34. Re1 Qd6 35. Bxf5 Bxf5 36. Qxf5 Qf6 37. Qc8+ Kg7 38. Qxb7 Kf7 39. Qd5+ Ke8
40. Qg8+ Qf8 41. Qxf8+ Kxf8 42. Kg2 Kf7 43. Kf3 Kf6 44. Ke4 Ke6 45. Rb1 Bd6 46.
h3 Bc7 47. Rb7 Kd6 48. Rxa7 Kc6 49. Ra6+ Bb6 50. Ra8 Bc7 51. Rh8 Kb6 52. Rxh7
Bd8 53. h4 1-0

[Event "España ch sub-16 2009"]
[Site "Granada ESP"]
[Date "2009.07.18"]
[Round "7.5"]
[White "Baragano Campa, David"]
[Black "Pardo Simon, David"]
[Result "1/2-1/2"]
[WhiteElo "2090"]
[BlackElo "2321"]
[PlyCount "116"]
[EventDate "2009.07.14"]
[EventType "swiss"]
[EventRounds "9"]
[EventCountry "ESP"]
[Source "lmi"]
[SourceDate "2009.07.14"]

1. e4 e5 2. Nf3 Nc6 3. Bb5 a6 4. Ba4 Nf6 5. O-O Nxe4 6. d4 b5 7. Bb3 d5 8. dxe5
Be6 9. c3 Bc5 10. Bc2 O-O 11. Nbd2 Nxf2 12. Rxf2 f6 13. exf6 Bxf2+ 14. Kxf2
Qxf6 15. Nf1 Ne5 16. Be3 Rae8 17. Bc5 Rf7 18. N1d2 Bg4 19. Kg1 c6 20. a4 g6 21.
axb5 axb5 22. Qf1 Nxf3+ 23. Nxf3 Bxf3 24. Qxf3 Qxf3 25. gxf3 Re2 26. Rc1 Rxf3
27. Bd4 Rd2 28. Bd1 Rh3 29. Bf2 Rxh2 30. Kxh2 Rxf2+ 31. Kg3 Rxb2 32. Kf4 Kf7
33. Ke5 Ke7 34. Ra1 Kf8 35. Ra6 c5 36. Bf3 Kg7 37. Bxd5 Rc2 38. Rb6 Rxc3 39.
Rxb5 h5 40. Be4 Rc1 41. Rb6 Rg1 42. Rc6 Rg5+ 43. Kf4 Kh6 44. Rc8 Rg4+ 45. Kf3
Kg5 46. Rxc5+ Kh4 47. Rc6 g5 48. Rc1 Rg3+ 49. Kf2 Ra3 50. Bg6 Ra2+ 51. Rc2 Ra6
52. Be8 Ra8 53. Re2 g4 54. Re5 Ra2+ 55. Kf1 Ra1+ 56. Kf2 g3+ 57. Kg2 Ra2+ 58.
Kg1 Ra1+ 1/2-1/2

[Event "España ch sub-16 2009"]
[Site "Granada ESP"]
[Date "2009.07.18"]
[Round "7.6"]
[White "Forcen Esteban, Daniel"]
[Black "Beltran De Heredia E., Miguel"]
[Result "1-0"]
[WhiteElo "2308"]
[BlackElo "2041"]
[PlyCount "79"]
[EventDate "2009.07.14"]
[EventType "swiss"]
[EventRounds "9"]
[EventCountry "ESP"]
[Source "lmi"]
[SourceDate "2009.07.14"]

1. e4 e5 2. Bc4 Nf6 3. Nc3 Nxe4 4. Qh5 Nd6 5. Bb3 Be7 6. Nf3 Nc6 7. Nxe5 Nxe5
8. Qxe5 O-O 9. O-O Re8 10. d3 Bf6 11. Qd5 Be5 12. d4 Bf6 13. Bf4 Be7 14. Bxd6
Bxd6 15. Qxf7+ Kh8 16. Nb5 Rf8 17. Nxd6 cxd6 18. Qd5 Qf6 19. Rae1 Rb8 20. Re3
b5 21. Rf3 Qe7 22. Qe4 Qd8 23. Rxf8+ Qxf8 24. Re1 Bb7 25. Qe7 Qxe7 26. Rxe7 Rd8
27. f4 h6 28. Kf2 Kh7 29. f5 Rf8 30. g4 h5 31. h3 hxg4 32. hxg4 Bc8 33. Kg3 Kh6
34. Kf4 g5+ 35. Kg3 a5 36. c3 a4 37. Bc2 Rf6 38. Bd3 d5 39. Kh3 a3 40. bxa3 1-0

[Event "España ch sub-16 2009"]
[Site "Granada ESP"]
[Date "2009.07.18"]
[Round "7.7"]
[White "Anaya Lopez, Victor Jose"]
[Black "Pintor Munoz, Antonio"]
[Result "1-0"]
[WhiteElo "2142"]
[BlackElo "2278"]
[PlyCount "43"]
[EventDate "2009.07.14"]
[EventType "swiss"]
[EventRounds "9"]
[EventCountry "ESP"]
[Source "lmi"]
[SourceDate "2009.07.14"]

1. e4 e6 2. d4 d5 3. Nc3 Nf6 4. Bg5 dxe4 5. Nxe4 Be7 6. Bxf6 gxf6 7. Nf3 a6 8.
Bd3 b5 9. Qe2 Bb7 10. Ned2 f5 11. c3 Nd7 12. a4 bxa4 13. Rxa4 Nb6 14. Ra1 Nd5
15. g3 c5 16. dxc5 Bxc5 17. Bxf5 Qb6 18. Nc4 Qc7 19. Be4 O-O-O 20. Na5 f5 21.
Nxb7 fxe4 22. Nxc5 1-0

[Event "España ch sub-16 2009"]
[Site "Granada ESP"]
[Date "2009.07.18"]
[Round "7.8"]
[White "Vila Gonzalez, Daniel"]
[Black "Fernandez Garcia, Jose Miguel"]
[Result "0-1"]
[WhiteElo "2072"]
[BlackElo "2261"]
[PlyCount "56"]
[EventDate "2009.07.14"]
[EventType "swiss"]
[EventRounds "9"]
[EventCountry "ESP"]
[Source "lmi"]
[SourceDate "2009.07.14"]

1. e4 c5 2. Nf3 e6 3. d4 cxd4 4. Nxd4 a6 5. Bd3 Qc7 6. O-O Bc5 7. Nb3 Be7 8. c4
d6 9. Nc3 Nf6 10. Be3 Nbd7 11. f4 b6 12. Qf3 Bb7 13. Rad1 g6 14. Qh3 h5 15. Kh1
h4 16. Nd2 Rd8 17. Bb1 Bc6 18. Nf3 b5 19. Ng5 Qb7 20. Rd2 bxc4 21. e5 dxe5 22.
Nxe6 Rc8 23. Ng5 exf4 24. Bxf4 O-O 25. Qxh4 Nh5 26. Qf2 Ndf6 27. Nh3 Bc5 28.
Qh4 Nxf4 0-1

[Event "España ch sub-16 2009"]
[Site "Granada ESP"]
[Date "2009.07.18"]
[Round "7.9"]
[White "Antolin Concha, Diego"]
[Black "Gutierrez Valero, Mario"]
[Result "1-0"]
[WhiteElo "2252"]
[BlackElo "2024"]
[PlyCount "99"]
[EventDate "2009.07.14"]
[EventType "swiss"]
[EventRounds "9"]
[EventCountry "ESP"]
[Source "lmi"]
[SourceDate "2009.07.14"]

1. d4 Nf6 2. c4 g6 3. Nc3 Bg7 4. Nf3 O-O 5. Bf4 d6 6. h3 Nbd7 7. e3 c6 8. Be2
Qe8 9. O-O e5 10. Bh2 Qe7 11. Re1 Ne8 12. b4 f5 13. c5 e4 14. Nd2 d5 15. Rc1 g5
16. b5 f4 17. Qb3 Kh8 18. bxc6 bxc6 19. Nxd5 cxd5 20. Qxd5 Rb8 21. Qxe4 Qxe4
22. Nxe4 h6 23. h4 Ndf6 24. Nc3 Ng4 25. hxg5 hxg5 26. d5 Be5 27. Bxg4 Bxg4 28.
exf4 Bxf4 29. Bxf4 gxf4 30. f3 Bf5 31. d6 Rd8 32. Nd5 Bc8 33. Ne7 Bf5 34. Re5
Bh7 35. Rd1 Rd7 36. Red5 Rf6 37. Nc8 Bf5 38. c6 Rd8 39. d7 Nc7 40. Rd6 Kg7 41.
Nxa7 Bc2 42. R1d2 Ba4 43. Rxf6 Kxf6 44. Rd4 Bc2 45. Rxf4+ Ke5 46. Rc4 Bd3 47.
Rc1 Ba6 48. a4 Ra8 49. Nc8 Ne6 50. Re1+ 1-0

[Event "España ch sub-16 2009"]
[Site "Granada ESP"]
[Date "2009.07.18"]
[Round "7.10"]
[White "Navarro Lopez-Menchero, Daniel"]
[Black "Coll Ortega, Jordi"]
[Result "0-1"]
[WhiteElo "2024"]
[BlackElo "2213"]
[PlyCount "90"]
[EventDate "2009.07.14"]
[EventType "swiss"]
[EventRounds "9"]
[EventCountry "ESP"]
[Source "lmi"]
[SourceDate "2009.07.14"]

1. e4 c6 2. d4 d5 3. e5 Bf5 4. Nf3 e6 5. Be2 Nd7 6. O-O h6 7. b3 Ne7 8. c4 g5
9. Nc3 Bg7 10. Bd3 Bxd3 11. Qxd3 dxc4 12. Qxc4 Nb6 13. Qd3 g4 14. Ne1 Nf5 15.
Be3 Nd5 16. Ne4 Qb6 17. Nc2 Nb4 18. Nxb4 Qxb4 19. a3 Qb6 20. Qc4 Rd8 21. Rad1
O-O 22. b4 a5 23. Nc5 axb4 24. axb4 Rd5 25. Na4 Qb5 26. Qb3 Rd7 27. Nc3 Qb6 28.
Na4 Qc7 29. Rd3 Rfd8 30. Rfd1 Rd5 31. Nc3 R5d7 32. Na4 b6 33. R1d2 Qb7 34. b5
cxb5 35. Qxb5 Nh4 36. d5 exd5 37. Bxb6 d4 38. f3 gxf3 39. Nc5 Qd5 40. Rxd4 f2+
41. Rxf2 Qxd4 42. Ne6 Qxe5 43. Qxe5 Rd1+ 44. Rf1 Rxf1+ 45. Kxf1 Rd1+ 0-1

[Event "España ch sub-16 2009"]
[Site "Granada ESP"]
[Date "2009.07.18"]
[Round "7.11"]
[White "Gallego Martin, Miguel"]
[Black "Colon Garcia, Enrique"]
[Result "1/2-1/2"]
[WhiteElo "1976"]
[BlackElo "2173"]
[PlyCount "133"]
[EventDate "2009.07.14"]
[EventType "swiss"]
[EventRounds "9"]
[EventCountry "ESP"]
[Source "lmi"]
[SourceDate "2009.07.14"]

1. Nf3 Nf6 2. c4 e6 3. Nc3 c5 4. e3 Be7 5. d4 d5 6. Bd3 O-O 7. O-O Nc6 8. a3
cxd4 9. exd4 dxc4 10. Bxc4 b6 11. Qd3 Bb7 12. Rd1 Rc8 13. Bg5 Nd5 14. Bd2 Na5
15. Ba2 Nxc3 16. Bxc3 Bd5 17. b4 Bxa2 18. Rxa2 Qd5 19. Re2 Nc4 20. a4 Bf6 21.
Ne5 Rfd8 22. Nxc4 Qxc4 23. Re3 Bxd4 24. Qxc4 Rxc4 25. Red3 e5 26. Bxd4 exd4 27.
Rb3 Kf8 28. Kf1 Ke7 29. Ke2 Rc2+ 30. Rd2 Rxd2+ 31. Kxd2 Ke6 32. Rh3 h6 33. g4
Rc8 34. a5 Rc4 35. axb6 axb6 36. Rb3 b5 37. Kd3 Kd5 38. Ra3 Rxb4 39. Ra7 Rb3+
40. Ke2 Rb2+ 41. Kf3 Rb3+ 42. Ke2 Kc4 43. Rxf7 Rb2+ 44. Kf3 d3 45. Rxg7 Kc3 46.
Ke3 Re2+ 47. Kf3 Re6 48. Rc7+ Kb3 49. Rd7 Kc2 50. Rc7+ Kd1 51. Rb7 d2 52. Rxb5
Ke1 53. Rb1+ d1=Q+ 54. Rxd1+ Kxd1 55. h4 Kd2 56. g5 hxg5 57. hxg5 Kd3 58. Kf4
Kd4 59. Kf5 Kd5 60. g6 Re1 61. g7 Rg1 62. Kf6 Rg2 63. Kf7 Rxf2+ 64. Ke8 Rg2 65.
Kf8 Rf2+ 66. Ke8 Re2+ 67. Kf8 1/2-1/2